<?xml version="1.0" encoding="UTF-8"?>
<record
    xmlns:xsi="http://www.w3.org/2001/XMLSchema-instance"
    xsi:schemaLocation="http://www.loc.gov/MARC21/slim http://www.loc.gov/standards/marcxml/schema/MARC21slim.xsd"
    xmlns="http://www.loc.gov/MARC21/slim">

  <leader>01224nam a22001817a 4500</leader>
  <controlfield tag="003">OSt</controlfield>
  <controlfield tag="005">20240529123414.0</controlfield>
  <controlfield tag="008">240529s2013    ag ||||| |||| 00| 1 spa d</controlfield>
  <datafield tag="020" ind1=" " ind2=" ">
    <subfield code="a">9789871950058</subfield>
  </datafield>
  <datafield tag="040" ind1=" " ind2=" ">
    <subfield code="c">besoc</subfield>
  </datafield>
  <datafield tag="100" ind1="1" ind2=" ">
    <subfield code="a">Garbatzky, Irina</subfield>
  </datafield>
  <datafield tag="245" ind1="1" ind2="0">
    <subfield code="a">Medio m2 de coexistencia /</subfield>
    <subfield code="c">Irina Garbatzky</subfield>
  </datafield>
  <datafield tag="260" ind1=" " ind2=" ">
    <subfield code="a">Rosario :</subfield>
    <subfield code="b">El Omb&#xFA; Bonsai,</subfield>
    <subfield code="c">2013</subfield>
  </datafield>
  <datafield tag="300" ind1=" " ind2=" ">
    <subfield code="a">74 p.</subfield>
  </datafield>
  <datafield tag="520" ind1=" " ind2=" ">
    <subfield code="a">Medio m2  de coexistencia es ese diario como si se tratar&#xE1; de una habitaci&#xF3;n que la resguarda. All&#xED;, ella se encierra (o se abre) en un discurso melanc&#xF3;lico -a veces de iron&#xED;a-, para reflexionar en torno a s&#xED; misma y a ese otro mundo que, metaforizado en su familia, la atrae al mismo tiempo que la aleja, la incluye al mismo tiempo que la niega. En relaci&#xF3;n a esto, el diario abunda en im&#xE1;genes po&#xE9;ticas que insisten en problematizar la condici&#xF3;n de inmigrante, la Tierra Prometida -que se perfila como su reverso-, el discurso b&#xE9;lico que, en la lucha por defender sus fronteras, puede leerse como la met&#xE1;fora de su propia existencia. Ella es, y no su familia. Ella es extranjera en todo lugar incluso, en s&#xED; misma.- [Nota del editor]</subfield>
  </datafield>
  <datafield tag="650" ind1=" " ind2="4">
    <subfield code="a">Literatura argentina</subfield>
    <subfield code="v">Diarios &#xED;ntimos</subfield>
    <subfield code="y">Siglo XXI</subfield>
  </datafield>
  <datafield tag="942" ind1=" " ind2=" ">
    <subfield code="2">udc</subfield>
    <subfield code="c">OG</subfield>
    <subfield code="n">0</subfield>
  </datafield>
  <datafield tag="999" ind1=" " ind2=" ">
    <subfield code="c">260</subfield>
    <subfield code="d">260</subfield>
  </datafield>
  <datafield tag="952" ind1=" " ind2=" ">
    <subfield code="0">0</subfield>
    <subfield code="1">0</subfield>
    <subfield code="2">udc</subfield>
    <subfield code="4">0</subfield>
    <subfield code="7">0</subfield>
    <subfield code="8">CG</subfield>
    <subfield code="a">ESOCIALES</subfield>
    <subfield code="b">ESOCIALES</subfield>
    <subfield code="d">2024-05-29</subfield>
    <subfield code="l">0</subfield>
    <subfield code="o">82-9(821.6) G213</subfield>
    <subfield code="p">000315</subfield>
    <subfield code="r">2024-05-29 00:00:00</subfield>
    <subfield code="w">2024-05-29</subfield>
    <subfield code="y">OG</subfield>
  </datafield>
</record>
